Accountability in government departments, public corporations and public companies : (Record no. 45403)
[ view plain ]
| 000 -LEADER | |
|---|---|
| fixed length control field | 01002cam a2200289 a 4500 |
| 001 - CONTROL NUMBER | |
| control field | 45403 |
| 003 - CONTROL NUMBER IDENTIFIER | |
| rucl marc code | BD-RjUL |
| 005 - DATE AND TIME OF LATEST TRANSACTION | |
| control field | 20211209054016.0 |
| 008 - FIXED-LENGTH DATA ELEMENTS--GENERAL INFORMATION | |
| fixed length control field | 160725s1967 enk 000 0 eng d |
| 035 ## - SYSTEM CONTROL NUMBER | |
| System control number | (BD-RjUL)45521 |
| System control number | 326818 |
| 040 ## - CATALOGING SOURCE | |
| Original cataloging agency | ANL |
| Language of cataloging | eng |
| Transcribing agency | ANL |
| Modifying agency | ANL |
| 041 ## - LANGUAGE CODE | |
| Language code of text/sound track or separate title | eng |
| 082 04 - DEWEY DECIMAL CLASSIFICATION NUMBER | |
| Classification number | 354.42007 |
| Author mark and year | ACC 1967 |
| 245 00 - TITLE STATEMENT | |
| Title | Accountability in government departments, public corporations and public companies : |
| Remainder of title | an introduction / |
| Statement of responsibility, etc. | edited by R. W. Ennis. |
| 260 ## - PUBLICATION, DISTRIBUTION, ETC. (IMPRINT) | |
| Place of publication, distribution, etc. | London : |
| Name of publisher, distributor, etc. | Lyon, Grant & Green, |
| Date of publication, distribution, etc. | [1967]. |
| 300 ## - PHYSICAL DESCRIPTION | |
| Pagination | xiii, 179 p. ; |
| Size | 22 cm. |
| 490 0# - SERIES STATEMENT | |
| Series statement | An Administrative Staff College publication |
| 504 ## - BIBLIOGRAPHY, ETC. NOTE | |
| Bibliography, etc | Bibliography: p. 169-170. |
| 650 #0 - SUBJECT ADDED ENTRY--TOPICAL TERM | |
| Topical term or geographic name as entry element | Corporations |
| Geographic subdivision | Great Britain. |
| 9 (RLIN) | 138684 |
| Topical term or geographic name as entry element | Government corporations |
| Geographic subdivision | Great Britain. |
| 9 (RLIN) | 139017 |
| Topical term or geographic name as entry element | Executive departments |
| Geographic subdivision | Great Britain. |
| 9 (RLIN) | 139018 |
| 651 #0 - SUBJECT ADDED ENTRY--GEOGRAPHIC NAME | |
| Geographic name | Great Britain |
| General subdivision | Officials and employees. |
| 9 (RLIN) | 139019 |
| 700 ## - ADDED ENTRY--PERSONAL NAME | |
| Personal name | Ennis, R. W., .edited |
| 942 ## - ADDED ENTRY ELEMENTS (KOHA) | |
| Source of classification or shelving scheme | Dewey Decimal Classification |
| Koha item type | Books |
| Lost status | Source of classification or shelving scheme | Damaged status | Not for loan | Collection code | Permanent Location | Current Location | Shelving location | Date acquired | Source of acquisition | Total Checkouts | Full call number | Date last seen | Copy number | Koha item type |
|---|---|---|---|---|---|---|---|---|---|---|---|---|---|---|
| Dewey Decimal Classification | Non-fiction | Central Library, University of Rajshahi | Central Library, University of Rajshahi | 26/08/1975 | WUS | 354.42007 ACC 1967 | 26/07/2016 | C-2 | Books |